000 00454nam a2200145Ia 4500
003 OSt
005 20260120154508.0
008 211028s2014 xx 000 0 und d
040 _cAIMIT LIBRARY
041 _aeng
100 _aVas, Renal Kevin; Pereira, Divya.
_g1216101
_97213
245 _aStudy on distribution channel with perspective of placing campco chocolates in retail outlets /
260 _aMangalore
_bDivya Pereira
_c2014
942 _2ddc
_cPRO
999 _c218783
_d218783